Письменные работы ученика высшей начальной школы в Жуанвиле (Департамент Верхней Марны) по французскому языку, курс первого года

Доступно только в Электронных читальных залах Найти на картеНа карте
RUSMARC
00004223nmc2a22002773x 450
0016c6aea71-021f-4d40-9616-4b420ac57aae
00520230715235844.0
100##$a20221214l18981899k l0rusy0189 ca
1010#$arus
$afre
102##$aRU
105##$ay###
1222#$ad
2001#$aПисьменные работы ученика высшей начальной школы в Жуанвиле (Департамент Верхней Марны) по французскому языку, курс первого года
$j14 октября 1898 г. - 3 августа 1899 г.
215##$a80 л.
$d36,5х26 см
251##$cДело
300##$aНа русском и французском языках
300##$aНа обложке указано: Ecole primaire superieure Joinville (Hte-Marne)
300##$aОриг. заголовок дела: Composition francaise. Cours de 1e annee. 14 октября 1898 г. - 3 августа 1899 г
371##$aДокумент не является опубликованным и широко распространяемым
461#0$1001a74412a3-3cc5-4d21-8f0a-dfe2fbd9e72d
$12001
$aДепартамент народного просвещения Министерства народного просвещения (1803-1917)
$1251
$cФонд
$1852
$j733
462#0$1001e7457a9b-6ab2-47cb-b3ed-bfff162542f9
$12001
$aРазряд учительских институтов, семинарий и низших учебных заведений
$1251
$cОпись
$1852
$j227
5171#$aComposition francaise. Cours de 1e annee. 14 октября 1898 г. - 3 августа 1899 г
801#0$aRU
$bРГИА
$c20221214
$gRCR
801#1$aRU
$bГлавНИВЦ
$c20221214
$2rusmarc
801#2$aRU
$bПБ им. Б.Н. Ельцина
$c20230715
$gRCR
$2rusmarc
850##$aРГИА
852##$aРГИА
$eФедеральное казенное учреждение "Российский государственный исторический архив" (РГИА)
$j208
937##$hРГИА
$d12396184
$aASBIBLIO_SCAN
035##$aRusGRCC00057427
856##$uhttp://readingroom.main.prlib.ru/item.aspx?id_node=n186559359&mode=full
Формат отображения